| 000 | 00757nam a2200253Ia 4500 | ||
|---|---|---|---|
| 003 | GCL | ||
| 008 | 140319s9999 xx 000 0 ara d | ||
| 040 |
_aGCL / _cGCL |
||
| 082 | 0 | 4 |
_a551 _bم ق |
| 245 | 1 | 0 | _aقواعد الجيولوجيا العامة والتطبيقية |
| 300 | _a576 ص | ||
| 490 | _a | ||
| 650 | 0 | 4 | _aالمعادن |
| 650 | 0 | 4 | _aالجيولوجيا |
| 650 | 0 | 4 | _aالجيولوجيا الاقتصادية |
| 650 | 0 | 4 | _aالبحار والمحيطات |
| 650 | 0 | 4 | _aالجيولوجيا المائية |
| 650 | 0 | 4 | _aالارض |
| 650 | 0 | 4 | _aالصخور |
| 650 | 0 | 4 | _aالاحجار الكريمة |
| 650 | 0 | 4 | _aالجيولوجيا الديناميكية |
| 650 | 0 | 4 | _aالمياه الجوفية |
| 942 |
_2ddc _cBK |
||
| 999 |
_c38029 _d38029 |
||